000 00594nam a2200229Ia 4500
003 OSt
005 20221005124216.0
006 a|||||r|||| 00| 0
007 ta
008 221004b |||||||| |||| 00| 0 tam d
024 _a52629
037 _cTextual
040 _aCRL
_cCRL
_btam
041 _2tam
_atam
082 _aY48.1(S:6825)x, 31M4
100 _aThiruvengadam Au.
_9634841
245 0 _aMethaikalin madaip peichu
260 _c1984
650 _aSOCIOLOGY
942 _hY48.1(S:6825)x, 31M4
_cTEXL
_2cc
999 _c1049743
_d1049743